LEADER 00816nam0-22002771i-450 001 990004951100403321 005 20211020113839.0 035 $a000495110 035 $aFED01000495110 035 $a(Aleph)000495110FED01 035 $a000495110 100 $a19990530g19669999km-y0itay50------ba 101 0 $aita 105 $ay-------001yy 200 1 $aMERCATOR$fPlauti$gcum prolegomenis notis criticis commentario exegetico edidit P. J. Enk 210 $aLugduni Batavorum$cA. W. Sijthoff$d1966. 215 $a217 p.$d25 cm 700 1$aPlautus,$bTitus Maccius$f$0166580 702 1$aEnk,$bPeter Johann 801 0$aIT$bUNINA$gRICA$2UNIMARC 901 $aBK 912 $a990004951100403321 952 $aIX N 12$bBibl. 44387$fFLFBC 959 $aFLFBC 996 $aMercator$919611 997 $aUNINA